000
00218 a2200097 4500
020
_a
9788430520404
041
_a
spa
100
_a
Carmen Blazquez Gil
245
_a
el pequeǫ elefante y las noches sin luna
942
_c
K
999
_c
30214
_d
30212